| 000 | 004240000a22001690004500 | ||
|---|---|---|---|
| 003 | MACL | ||
| 005 | 20160105133203.0 | ||
| 008 | 160105b xxu||||| |||| 00| 0 eng d | ||
| 040 |
_aMACL _cMACL |
||
| 041 | _aEnglish | ||
| 082 | _a8251/HUT | ||
| 100 |
_aHutton, Edward _927986 |
||
| 245 | _aA Book Of English Love Poems | ||
| 260 |
_bMethuen & Co. Ltd _c1905 _aLondon |
||
| 650 |
_aPoetry _927987 |
||
| 942 |
_cBK _k821/HUT _2ddc |
||
| 999 |
_c39406 _d39406 |
||